|
|
|
|
| LEADER |
01236nam a2200265 a 4500 |
| 001 |
00024011 |
| 008 |
111215s2002 bg 000 0 mul |
| 999 |
|
|
|c 11630
|d 11630
|
| 040 |
|
|
|a DB-DhAAL
|c DB-DhAAL
|
| 041 |
|
|
|a ENG
|
| 041 |
|
|
|a BEN
|
| 082 |
0 |
0 |
|a 491.55
|2 21
|
| 100 |
1 |
|
|a Ali Dewan, Md. Rustam
|9 24104
|
| 245 |
1 |
0 |
|a Influence of persian language on Bengali /
|c Md. Rustam Ali Dewan, editors Mohammad Isa Shahedi, Hamid Reza Salek, Mian Mohammad Abdul Awal
|
| 246 |
|
|
|a বাংলা ভাষায় ফার্সীর প্রভাব
|
| 260 |
|
|
|a Dhaka, Bangladesh :
|b Embassy of the Islamic Republic of Iran,
|c 2002
|
| 300 |
|
|
|a xviii, 333 p. ;
|c 22 cm.
|
| 541 |
|
|
|e 00024011
|
| 650 |
|
0 |
|a Persian language.
|9 24105
|
| 650 |
|
0 |
|a Persian language
|z Bangladesh.
|9 24106
|
| 700 |
1 |
|
|a Shahedi, Mohammad Isa
|9 24107
|
| 852 |
1 |
|
|a James P Grant School of Public Health
|c General Shelf.
|
| 942 |
|
|
|2 ddc
|c BK
|
| 952 |
|
|
|0 0
|1 0
|2 ddc
|4 0
|6 491_550000000000000_ALI
|7 0
|9 18921
|a JPGSPH
|b JPGSPH
|c GEN
|d 2011-12-19
|l 0
|o 491.55 ALI
|p 3060024011
|r 2011-12-19
|t 1
|w 2011-12-19
|y BK
|
| 952 |
|
|
|0 0
|1 0
|2 ddc
|4 0
|6 491_550000000000000_ALI
|7 0
|9 62391
|a BRACUL
|b BRACUL
|c GEN
|d 2017-12-28
|l 1
|m 30
|o 491.55 ALI
|p 3010032414
|r 2018-07-30
|s 2018-01-12
|t 2
|w 2017-12-28
|y BK
|